| 000 | 00739cab a2200229 4500 | ||
|---|---|---|---|
| 001 | WB2909-32 | ||
| 008 | 090401t1993 xxu||||| |||| 00| 0 eng d | ||
| 035 | _a(Sirsi) u63107 | ||
| 041 | _aeng | ||
| 245 | _aRent wrangle with tenant farmers | ||
| 260 | _c1993 | ||
| 350 | _a0 | ||
| 490 |
_aHerald _v4 March 1993, 3(1) |
||
| 520 | _aBroadlands property company is involved in two Scottish test cases, one a rating dispute over the assessment of a Highland sporting lodge and the other a rental dispute with tenant farmers. | ||
| 650 | _aRATING ASSESSMENTS | ||
| 650 | _aSCOTLAND | ||
| 650 | _aTENANT FARMERS | ||
| 650 | _aTEST CASE | ||
| 690 | _aLANDLORD AND TENANT-AGRICULTURAL TENANCIES | ||
| 942 | _n0 | ||
| 948 | _c04/03/1997 | ||
| 999 |
_c39231 _d39231 |
||